Để tổ chức một đám cưới

Gespeichert in:
Bibliographische Detailangaben
1. Verfasser: Quỳnh Hương
Format: Buch
Sprache:Undetermined
Veröffentlicht: Tp. HCM Trẻ 1994
Schlagworte:
Tags: Tag hinzufügen
Keine Tags, Fügen Sie den ersten Tag hinzu!
Thư viện lưu trữ: Trung tâm Học liệu Trường Đại học Cần Thơ
LEADER 00522nam a2200181Ia 4500
001 CTU_6235
008 210402s9999 xx 000 0 und d
082 |a 392.5 
082 |b H561 
100 |a Quỳnh Hương 
245 0 |a Để tổ chức một đám cưới 
245 0 |c Quỳnh Hương 
260 |a Tp. HCM 
260 |b Trẻ 
260 |c 1994 
650 |a folk literature, vietnamese 
904 |i Nguyễn Quang Điền, 960815 
980 |a Trung tâm Học liệu Trường Đại học Cần Thơ